000 00419nam a2200145Ia 4500
008 210210b1964 xxu||||| |||| 00| 0 eng d
020 _a0 00 686065 6
082 _a940 PLUF
100 _aPLUMB (John).
245 _aFontana history of europe general editor Sir John Plumb revolutionary Europe 1783-1815.
260 _aLondon.
_bFontana Press.,
_c1964
300 _a350
690 _aEuropean History
906 _a046762
999 _c96115
_d96115